Urban amenities and internal migration in Slovakia

Úloha mestskej vybavenosti vo vnútornej migrácii na Slovensku. Regresná analýza ukázala, že mestská vybavenosť je dôležitejším faktorom ako tradičné ekonomické faktory (napr. pracovné príležitosti).

Gespeichert in:
Bibliographische Detailangaben
1. Verfasser: Avetisyan, Sergey
Weitere Verfasser: Rehák, Štefan, 1974-, Černěnko, Tomáš, 1981-
Format: Buchkapitel
Sprache:Englisch
Schlagworte:
Tags: Tag hinzufügen
Keine Tags, Fügen Sie das erste Tag hinzu!

MARC

LEADER 00000nla a2200000 4500
001 0168010
005 20240513093300.4
041 0 |a eng 
044 |a SK 
245 1 0 |a Urban amenities and internal migration in Slovakia  |c Sergey Avetisyan, Štefan Rehák, Tomáš Černěnko 
500 |a ITMS 26240120032 
520 |a Úloha mestskej vybavenosti vo vnútornej migrácii na Slovensku. Regresná analýza ukázala, že mestská vybavenosť je dôležitejším faktorom ako tradičné ekonomické faktory (napr. pracovné príležitosti). 
610 2 0 |a regióny 
610 2 0 |a Slovensko 
610 2 0 |a mestá 
610 2 0 |a migrácia 
100 1 |a Avetisyan, Sergey 
700 1 |a Rehák, Štefan, 1974- 
700 1 |a Černěnko, Tomáš, 1981-